| 000 | 01718nam a2200229Ia 4500 | ||
|---|---|---|---|
| 008 | 260220t1994||||xx |||||||||||||| ||spa|| | ||
| 040 |
_aPY-SlUNAC _bspa _erda |
||
| 041 | _aspa | ||
| 082 |
_a581.098 92 _bF963f |
||
| 245 | 0 |
_aFuturo verde : _bconservación y desarrollo Na 4 |
|
| 264 |
_aAsunción : _bFundación Moisés Bertoni, _c℗1994. |
||
| 300 | _a1 volumen | ||
| 520 | _a"Futuro verde: conservación y desarrollo" es una obra que aborda la interrelación entre la conservación ambiental y el desarrollo sostenible, enfocándose en la realidad de Paraguay. A través de un análisis crítico, el libro destaca la importancia de preservar los recursos naturales mientras se promueve el crecimiento económico. Se examinan diversas estrategias que permiten conciliar el desarrollo con la protección de la biodiversidad, resaltando ejemplos de proyectos exitosos en el país. La obra también discute el papel de las políticas públicas y la participación comunitaria en la implementación de iniciativas que fomenten un futuro sostenible. Además, se reflexiona sobre los desafíos que enfrenta Paraguay en su camino hacia un desarrollo más ecológico, incluyendo la deforestación y la urbanización descontrolada. En conjunto, el texto propone un modelo integrado que prioriza la sostenibilidad y la equidad social, invitando a la acción colectiva para asegurar un legado ambiental positivo para las futuras generaciones. | ||
| 653 | _aConservación de recursos | ||
| 653 | _aDesarrollo sostenible | ||
| 653 | _aMedio ambiente | ||
| 942 |
_b2026/02/17 _cBK |
||
| 999 |
_c8264 _d8264 |
||